Dawny relikwiarz monstrancja z kościoła św. Brygidy w Gdańsku
| Titel: | Dawny relikwiarz monstrancja z kościoła św. Brygidy w Gdańsku |
|---|---|
| Verfasser: | |
| In: |
Album amicorum, (2008), Seite 321-330 alle Artikel anzeigen |
| Veröffentlicht: | 2008 |
| Format: | Aufsatz |
| Sprache: | Polnisch |
X
alg: 39442328 001A $01999:12-11-16 001B $03025:13-03-26 $t13:53:19.000 001D $01999:12-11-16 001U $0utf8 001X $00 002@ $0Aox 003@ $0394423283 007A $0394423283 $aHEB 007T $0Herdkk00042380 010@ $apol 011@ $a2008 021A $aDawny relikwiarz monstrancja z kościoła św. Brygidy w Gdańsku 028A $aTuchołka-Włodarska $dBarbara 031A $h321-330 $j2008 039B $aIn $8--Aau--. Album amicorum. - Toruń : Wydawnictwo Naukowe Uniwersytetu Mikołaja Kopernika, 2008. - 407 Seiten. - Illustrationen. - ISBN 83-231-2205-9 $x200800000000000679 $9366207512 044K $RDanzig $#Brigittenkirche Danzig $#Kościół Świe̜ta Brygidy Danzig $77578345-9 $8Sankt Brigitta$gDanzig [Tg1] $9189749393 045F $a709.43070902 $eDDC23BSB 045F/01 $a709 045F/03 $f0902 045F/03 $g4307 045F/03 $g4382 045F/03 $g438 lok: 39442328 78 exp: 39442328 78 1 #EPN 201B/01 $026-11-17 $t23:18:33.000 201U/01 $0utf8 203@/01 $0790533693 208@/01 $a12-11-16 $be 209A/01 $a/ $f000 $x00 220C/01 $aHerkunft: PBB/IH PAN 244Z/01 $2Trx $#Poola $#Lenkija $#Polija $#Polen Land $#Poland $#Lengyelország $#Poľsko $#Polsko $8--Trx--Polska$gkraj $x01 $9391345966 244Z/01 $2Trx $#Prusy Wschodnie i Zachodnie $8--Trx--Ost- und Westpreußen $x02 $939113373X 244Z/01 $#Danzig $#Ville Libre de Danzig $#Dantzig $#Ville Libre de Dantzig $#Freistaat Danzig $#Gdańsk $#Freie Stadt Danzig $#Urząd Miejski w Gdańsku $#Gyddanzyc $#Gedanum $#Dantiscum $74011039-4 $8--Tg1--Danzig $x03 $9085022225 244Z/01 $2Trx $#reliikviad $#relikvijos $#reliques $#ereklyék $#relikwie $#relikvie $#relikvie $8--Trx--Reliquien $x04 $9391354000 244Z/01 $2Trx $8--Trx--Einzelbeiträge $x05 $9391384570 247C/01 $82080>Marburg/Lahn, Herder-Institut, Forschungsbibliothek, Bibliographieportal $9336309341
| LEADER | 00000caa a22000002c 4500 | ||
|---|---|---|---|
| 001 | 394423283 | ||
| 003 | DE-603 | ||
| 005 | 20260313135319.0 | ||
| 007 | tu | ||
| 008 | 161112s2008 xx |||| | u00||u|pol c | ||
| 035 | |a (DE-599)HEB394423283 | ||
| 040 | |a DE-603 |b ger |c DE-603 |d DE-603 | ||
| 041 | |a pol | ||
| 082 | 0 | 4 | |8 1\u |a 709.43070902 |q DE-101 |2 23/BSB |
| 085 | |8 1\u |b 709 | ||
| 085 | |8 1\u |z 1 |s 0902 | ||
| 085 | |8 1\u |z 2 |s 4307 | ||
| 085 | |8 1\u |z 2 |s 4382 | ||
| 085 | |8 1\u |z 2 |s 438 | ||
| 100 | 1 | |a Tuchołka-Włodarska, Barbara | |
| 245 | 0 | 0 | |a Dawny relikwiarz monstrancja z kościoła św. Brygidy w Gdańsku |
| 264 | 0 | |c 2008 | |
| 651 | 7 | |a Sankt Brigitta |g Danzig |0 (DE-588)7578345-9 |0 (DE-603)189749393 |2 gnd | |
| 773 | 0 | 8 | |i In |t Album amicorum |d Toruń : Wydawnictwo Naukowe Uniwersytetu Mikołaja Kopernika, 2008 |h 407 Seiten, Illustrationen |z 8323122059 |z 9788323122050 |g (2008), Seite 321-330 |w (DE-603)366207512 |
| 924 | 0 | |9 2080 |a (DE-603)790533693 |b DE-2080 |c HES |d d |g / | |


